000 01424nab a22002537a 4500
999 _c5411
_d5411
003 OSt
005 20250313113342.0
008 190604e xxu||||| |||| 00| 0 spa d
040 _cPJ
100 _96286
_aDuizeide, Santiago G.
245 1 0 _aLey de Medidas Cautelares N.º 26.854. Análisis a la luz del instituto del informe previo de su art. 4° /
_cSantiago G. Duizeide.
260 _aCiudad Autónoma de Buenos Aires :
_bThomson Reuters La Ley,
_c2024.
300 _ap. 5-8
500 _aCita Online: TR LALEY AR/DOC/1250/24.
505 _aSumario: I. Introducción.— II. Una aproximación al precepto.— III. Sobre la naturaleza de los protocolos de actuación.— IV. Una crítica necesaria.— V. A modo de conclusión.
_t* Comentario de Ley Nº 1523 - Creación del Protocolo de Protección Integral a Niños, Niñas y Adolescentes Víctimas de Violencia Sexual de Tierra del Fuego, Antártida e Islas del Atlántico Sur.
505 _t¿Te interesa el texto completo? Solicitalo al correo: koha@justierradelfuego.gov.ar
650 0 _9211
_aDERECHO ADMINISTRATIVO
650 0 _91051
_aMEDIDAS CAUTELARES
650 0 _9877
_aADMINISTRACION PUBLICA
650 0 _9946
_aESTADO NACIONAL
650 0 _94597
_aCONSTITUCIONALIDAD
773 0 _02714
_93171
_dCiudad Autónoma de Buenos Aires : Thomson Reuters La Ley, 2014-
_tRevista anales de legislación argentina. Nº 7 - Junio 2024.
942 _2udc
_cANA